LEADER 01462nam--2200421---450- 001 990002024670203316 005 20071206155731.0 010 $a88-88684-75-1 035 $a000202467 035 $aUSA01000202467 035 $a(ALEPH)000202467USA01 035 $a000202467 100 $a20040924d2004----km-y0enga50------ba 101 0 $afre 102 $aIT 105 $ay|||z|||001yy 200 1 $a<> traducteur et ses mémoires$fMichèle Lorgnet 210 $aTorino$cL'Harmattan Italia$dcopyr. 2004$aParis$cL'Harmattan$acopyr. 2004 215 $a78 p.$d20 cm 225 2 $aCahiers du R.A.P.T$iRecherches sur les aspects psycholinguistiques de la traduction$v1 410 $aCahiers du R.A.P.T$iRecherches sur les aspects psycholinguistiques de la traduction 606 0 $aTraduzioni$xAspetti psicologici 676 $a418.02019 700 1$aLORGNET,$bMichèle A.$0251114 801 0$aIT$2UNIMARC 912 $a990002024670203316 951 $aIV.2. 1353(XII D 106)$b178298 L.M.$cXII D$d00116395 959 $aBK 969 $aUMA 979 $aMARIA$b10$c20040924$lUSA01$h1001 979 $aPAOLA$b90$c20050826$lUSA01$h1050 979 $aPAOLA$b90$c20050826$lUSA01$h1059 979 $aPAOLA$b90$c20050907$lUSA01$h1209 979 $aCOPAT6$b90$c20070117$lUSA01$h1643 979 $aRIVELLI$b90$c20071206$lUSA01$h1555 979 $aRIVELLI$b90$c20071206$lUSA01$h1557 996 $aTraducteur et ses mémoires$91041725 997 $aUNISA LEADER 01979oam 2200541 450 001 9910715187803321 005 20210817141915.0 035 $a(CKB)5470000002508132 035 $a(OCoLC)1226079239$z(OCoLC)1231540771 035 $a(EXLCZ)995470000002508132 100 $a20201208d2020 ua 0 101 0 $aeng 135 $aur||||||||||| 181 $ctxt$2rdacontent 182 $cc$2rdamedia 183 $acr$2rdacarrier 200 14$aThe Colorado River drought contingency plan $ehearing before the Subcommittee on Water and Power of the Committee on Energy and Natural Resources, United States Senate, One Hundred Sixteenth Congress, first session, March 27, 2019 210 1$aWashington :$cU.S. Government Publishing Office,$d2020. 215 $a1 online resource (iv, 143 pages) $ccolor illustrations, color maps 225 1 $aS. hrg. ;$v116-291 320 $aIncludes bibliographical references. 517 $aColorado River drought contingency plan 606 $aDrought management$zColorado River Watershed (Colo.-Mexico) 606 $aStreamflow$zColorado River (Colo.-Mexico) 606 $aDrought relief$zColorado River Watershed (Colo.-Mexico)$xPlanning 606 $aDrought management$2fast 606 $aDrought relief$xPlanning$2fast 606 $aStreamflow$2fast 607 $aNorth America$zColorado River$2fast 607 $aNorth America$zColorado River Watershed$2fast 608 $aLegislative hearings.$2fast 608 $aLegislative hearings.$2lcgft 615 0$aDrought management 615 0$aStreamflow 615 0$aDrought relief$xPlanning. 615 7$aDrought management. 615 7$aDrought relief$xPlanning. 615 7$aStreamflow. 801 0$bGPO 801 1$bGPO 801 2$bOCLCO 801 2$bOCLCF 801 2$bOCLCQ 801 2$bGPO 906 $aBOOK 912 $a9910715187803321 996 $aThe Colorado River drought contingency plan$93544008 997 $aUNINA